| 000 | 00955nam a2200265Ia 4500 | ||
|---|---|---|---|
| 001 | Para_8290 | ||
| 003 | CHAP | ||
| 008 | 220125s9999 xx 000 0 und d | ||
| 010 | _a207046 | ||
| 040 | _cCHAP | ||
| 082 | _aPA-C 595.752 A6 | ||
| 100 |
_aTheobald, Fred V. _9112748 |
||
| 245 |
_aAphididae found ont he apple in britain and the description of a new species from Africa / _c by Fred V. Theobald |
||
| 300 | _apaginas varias | ||
| 440 |
_aAphidae; 9 _9171887 |
||
| 500 | _aSobretiro de: The Canadian entomologist. 48 (5): 169-177: 48 (6): 202; 213; 48 (7): 233-242; 48 (8): 261-263, 1916. Encuadernado con otros impresos similares | ||
| 650 |
_a _x Afididos _x Colecciones de escritos _x Afididos _x Gran BretaƱa _x Afididos _x africa _9173487 |
||
| 901 | _aPA-C 595.752 A6 | ||
| 902 | _aA | ||
| 905 | _a000000 0000000000 00 | ||
| 910 | _a | ||
| 942 | _cPARA | ||
| 942 |
_cPARA _d1 |
||
| 999 |
_c207046 _d207046 |
||